000 00594nam a2200193 i 4500
001 50314
003 ES-MaACL
005 20250808062529.0
007 t|
008 030801s1960 sp ||||1| spa d
100 1 _aCrozier, Michel,
_d1922-2013
_941759
245 1 3 _aEl obrero en U.S.A.
_b: fábricas y sindicatos de América /
_cMichel Crozier ; traducido del original francés.
260 _aSan Sebastián :
_bDinor,
_c1960.
300 _a227 p. ;
_c18 cm.
490 1 _aPrisma
830 0 0 _aPrisma
_9180749
852 _aES-MaACL
_jC-18294
_bR.46151
999 _c50314
_d50314